|
|
|
|
| LEADER |
01074nam a2200373 4500 |
| 001 |
DLU090096966 |
| 005 |
##20091201 |
| 040 |
# |
# |
|a DLU
|b eng
|
| 041 |
# |
# |
|a eng
|
| 044 |
# |
# |
|a us
|
| 245 |
# |
# |
|a Hybridization enhancement using cavitation microstreaming /
|c Robin Hui Liu ... [et al.].
|
| 653 |
# |
# |
|a Cavitation
|
| 653 |
# |
# |
|a Chemical sensors
|
| 653 |
# |
# |
|a DNA
|
| 653 |
# |
# |
|a Electrochemical method
|
| 653 |
# |
# |
|a Fluorescence spectrometry
|
| 653 |
# |
# |
|a Hybridization
|
| 653 |
# |
# |
|a Piezoelectric device
|
| 653 |
# |
# |
|a Sensor array
|
| 700 |
# |
# |
|a Druyor-Sanchez, Roberta L.
|
| 700 |
# |
# |
|a Grodzinski, Piotr.
|
| 700 |
# |
# |
|a Lenigk, Ralf.
|
| 700 |
# |
# |
|a Liu, Robin Hui.
|
| 700 |
# |
# |
|a Yang, Jianing.
|
| 773 |
# |
# |
|t Analytical Chemistry
|g Vol. 75, no. 8 (April 2003), p. 1911-1917
|
| 920 |
# |
# |
|a Phòng Tạp chí -- Trung tâm Thông tin - Thư viện Trường Đại học Đà Lạt
|
| 994 |
# |
# |
|a DLU
|
| 900 |
# |
# |
|a True
|
| 911 |
# |
# |
|a Trương Bảo Trâm Anh
|
| 925 |
# |
# |
|a G
|
| 926 |
# |
# |
|a A
|
| 927 |
# |
# |
|a BB
|
| 980 |
# |
# |
|a Thư viện Trường Đại học Đà Lạt
|